Design for climate change / (Record no. 354054)

000 -LEADER
fixed length control field 01388nam a2200277 a 4500
001 - CONTROL NUMBER
control field ASIN1859464483
003 - CONTROL NUMBER IDENTIFIER
control field OSt
005 - DATE AND TIME OF LATEST TRANSACTION
control field 20180116192425.0
008 - FIXED-LENGTH DATA ELEMENTS--GENERAL INFORMATION
fixed length control field 150129s2012 xxu eng d
020 ## - INTERNATIONAL STANDARD BOOK NUMBER
International Standard Book Number 1859464483 (paperback)
Terms of availability $47.95
020 ## - INTERNATIONAL STANDARD BOOK NUMBER
International Standard Book Number 9781859464489 (paperback)
040 ## - CATALOGING SOURCE
Transcribing agency 0
050 04 - LIBRARY OF CONGRESS CALL NUMBER
Classification number NA2541
082 04 - DEWEY DECIMAL CLASSIFICATION NUMBER
Classification number 724.6
100 1# - MAIN ENTRY--PERSONAL NAME
Personal name Puckett, Katie.
9 (RLIN) 7978
245 10 - TITLE STATEMENT
Title Design for climate change /
Statement of responsibility, etc. Katie Puckett, William Gethering.
260 ## - PUBLICATION, DISTRIBUTION, ETC.
Place of publication, distribution, etc. London :
Name of publisher, distributor, etc. RIBA Publishing,
Date of publication, distribution, etc. 2013.
300 ## - PHYSICAL DESCRIPTION
Extent 196 p. ;
Dimensions 28 cm.
520 ## - SUMMARY, ETC.
Summary, etc. Aimed at architects, contractors, engineers and specialists in the field, this book uses real-world evidence from a Technology Strategy Board-funded research project to develop a set of tools for architects and other building designers to meet a growing need to anticipate future climate change. Built on in his seminal future climate change report for the TSB, Bill Gething (with Katie Puckett) identifies three broad categories of climate change impacts on building design – comfort and energy performance, construction, and managing water.
650 #0 - SUBJECT ADDED ENTRY--TOPICAL TERM
Topical term or geographic name entry element Architecture
9 (RLIN) 7979
650 #0 - SUBJECT ADDED ENTRY--TOPICAL TERM
Topical term or geographic name entry element Architecture and climate
9 (RLIN) 7980
650 #0 - SUBJECT ADDED ENTRY--TOPICAL TERM
Topical term or geographic name entry element Buildings--Energy conservation
9 (RLIN) 7981
700 1# - ADDED ENTRY--PERSONAL NAME
Personal name Gethering, William.
9 (RLIN) 7982
856 40 - ELECTRONIC LOCATION AND ACCESS
Materials specified Amazon.com
Uniform Resource Identifier <a href="http://www.amazon.com/exec/obidos/ASIN/1859464483/chopaconline-20">http://www.amazon.com/exec/obidos/ASIN/1859464483/chopaconline-20</a>
942 ## - ADDED ENTRY ELEMENTS (KOHA)
Source of classification or shelving scheme
Koha item type Book
Holdings
Withdrawn status Lost status Source of classification or shelving scheme Damaged status Not for loan Permanent Location Current Location Date acquired Total Checkouts Full call number Barcode Date last seen Copy number Price effective from Koha item type
          School of Art Design and Architecture (SADA) School of Art Design and Architecture (SADA) 01/26/2015   724.6 PUC 2013 SADA0002434 01/05/2017 01 01/16/2018 Book
© 2023 Central Library, National University of Sciences and Technology. All Rights Reserved.